Prolegómenos
Kaydedildi:
| Materyal Türü: | Kitap |
|---|---|
| Dil: | İspanyolca |
| Baskı/Yayın Bilgisi: |
Madrid
SARPE
1984
|
| Edisyon: | 1a. ed |
| Seri Bilgileri: | Los Grandes Pensadores, 33
|
| Konular: | |
| Etiketler: |
Etiketle
Etiket eklenmemiş, İlk siz ekleyin!
|
MARC
| LEADER | 00000cam a2200000 a 4500 | ||
|---|---|---|---|
| 001 | UCE2256 | ||
| 003 | CL-VaPUC | ||
| 005 | 20210515001824.0 | ||
| 008 | 140619e19840000sp |||||||||||||||||spa|d | ||
| 999 | |c 355905 |d 355903 | ||
| 020 | |a 844997383X | ||
| 040 | |c Pontificia Universidad Católica de Valparaíso | ||
| 082 | 0 | 4 | |a 142.3 |b KAN |2 21 |
| 245 | 1 | 0 | |a Prolegómenos |
| 250 | |a 1a. ed | ||
| 260 | |a Madrid |b SARPE |c 1984 | ||
| 300 | |a 217 p | ||
| 490 | 0 | |a Los Grandes Pensadores, 33 | |
| 583 | |a last modification |c 20140619 13:53:00 |k Rodrigo Vera | ||
| 650 | 0 | |a Metafísica |9 265649 | |
| 650 | 0 | |a Ciencia |9 255691 | |
| 650 | 0 | |a Filosofía alemana |9 265002 | |
| 650 | 7 | |a FILOSOFOS ALEMANES |2 CL-VaPUC |9 574722 | |
| 852 | |a BIBCUR | ||
| 942 | |c BK |2 ddc | ||
| 945 | |d 20140619 13:53:00 |a dcastane | ||
| 952 | |0 0 |1 0 |3 erd |4 0 |6 142_300000000000000_KAN_1984 |7 0 |8 X |9 462848 |a FDOBUD |b FDOBUD |i 5042658 |o 142.3 KAN 1984 |p 5042658 |r 2019-11-23 |w 2019-11-23 |y BK_X |z Catalogado en:20140619 |k BUD | ||